[Event "Fide Mercenarios 54th"]
[Site "Mexico City"]
[Date "2001.03.13"]
[Round "6"]
[White "Lopez Aguilar, Hector"]
[Black "Rosas Reyes, Raul"]
[Result "1-0"]
[WhiteElo "2000"]
[BlackElo "2159"]
[PlyCount "100"]
[EventDate "2001.02.??"]
[EventType "tourn"]
[EventRounds "9"]
[EventCountry "MEX"]
[SourceTitle "EXT 2003"]
[Source "ChessBase"]
[SourceDate "2002.11.25"]
[SourceVersion "1"]
[SourceVersionDate "2002.11.25"]
[SourceQuality "1"]

1. e4 e5 2. Nf3 Nc6 3. d4 exd4 4. Nxd4 d6 5. Nxc6 bxc6 6. c4 Be7 7. Bd3 Rb8 8. Nc3 Nf6 9. b3 0-0 10. Bb2 Be6 11. f4 Bg4 12. Qd2 h6 13. h3 Bc8 14. g4 Nd7 15. Na4 Bh4+ 16. Kf1 Bg3 17. Qe3 f6 18. Qe2 f5 19. gxf5 Qh4 20. Qg2 Nf6 21. Rg1 Nh5 22. Bc1 Bxf4 23. Bxf4 Qxf4+ 24. Ke2 Qe5 25. Kd2 Nf4 26. Qf3 Ne6 27. Qe3 Ng5 28. Rg2 Qxa1 29. Qg3 Qe5 30. Qg4 Bd7 31. Nc3 Rbe8 32. a4 Nh7 33. Ne2 Rf7 34. Ng3 Nf6 35. Qg6 Qb2+ 36. Bc2 Qd4+ 37. Kc1 Qa1+ 38. Bb1 Qc3+ 39. Bc2 Nxe4 40. Nh5 Qa1+ 41. Bb1 Qc3+ 42. Rc2 Qe3+ 43. Kb2 Bxf5 44. Nf6+ Nxf6 45. Qxf5 Qd4+ 46. Ka3 Qc5+ 47. Qxc5 dxc5 48. Rf2 Re3 49. Rd2 Rd7 50. Rf2 Rd4 1-0

[Event "Mayo Cup 5th"]
[Site "Mexico City"]
[Date "2001.??.??"]
[Round "?"]
[White "Gongora Montes, Benjamin"]
[Black "Rosas Reyes, Raul"]
[Result "1-0"]
[WhiteElo "2285"]
[BlackElo "2126"]
[PlyCount "47"]
[EventDate "2001.??.??"]
[EventType "swiss"]
[EventRounds "7"]
[EventCountry "MEX"]
[SourceTitle "EXT 2004"]
[Source "ChessBase"]
[SourceDate "2003.11.25"]
[SourceVersion "1"]
[SourceVersionDate "2003.11.25"]
[SourceQuality "1"]

1. e4 d6 2. d4 Nf6 3. Nc3 g6 4. f4 c6 5. Nf3 Bg7 6. Bd3 Qc7 7. 0-0 0-0 8. Qe1 Nbd7 9. e5 Ng4 10. Qh4 Nh6 11. f5 Nxf5 12. Bxf5 gxf5 13. Bh6 Bxh6 14. Qxh6 dxe5 15. Ng5 Nf6 16. Nce4 Rd8 17. Nxf6+ exf6 18. Nxh7 Rd6 19. Rf3 f4 20. Nxf6+ Rxf6 21. Qxf6 Be6 22. Re1 Rd8 23. Rxe5 Rd5 24. Rh3 1-0

[Event "Fide Mercenarios 40th"]
[Site "Mexico City"]
[Date "1999.??.??"]
[Round "4"]
[White "Anaya Echeverria, Javier"]
[Black "Rosas Reyes, Raul"]
[Result "0-1"]
[WhiteElo "2000"]
[BlackElo "2150"]
[PlyCount "58"]
[EventDate "1999.??.??"]
[EventType "tourn"]
[EventRounds "13"]
[EventCountry "MEX"]
[SourceTitle "EXT 2000"]
[Source "ChessBase"]
[SourceDate "1999.11.16"]
[SourceVersion "1"]
[SourceVersionDate "1999.11.16"]
[SourceQuality "1"]

1. c4 Nf6 2. Nc3 c5 3. Nf3 Nc6 4. d4 cxd4 5. Nxd4 g6 6. e4 d6 7. Be3 Bg7 8. Be2 0-0 9. 0-0 a6 10. f3 Qc7 11. Rc1 Ne5 12. Nd5 Nxd5 13. cxd5 Qa5 14. a3 Re8 15. Kh1 h5 16. h3 Rf8 17. f4 Bh6 18. Bxh5 Bd7 19. Be2 Rac8 20. Rxc8 Rxc8 21. Bd2 Qa4 22. Qxa4 Bxa4 23. Bc3 Nc4 24. Bxc4 Rxc4 25. Rf3 Bg7 26. Rd3 Bd7 27. Kg1 a5 28. Kf2 b5 29. b3 Rxc3 0-1

[Event "Fide Mercenarios 40th"]
[Site "Mexico City"]
[Date "1999.??.??"]
[Round "7"]
[White "Rosas Reyes, Raul"]
[Black "Figueroa, David"]
[Result "1-0"]
[WhiteElo "2150"]
[BlackElo "2000"]
[PlyCount "99"]
[EventDate "1999.??.??"]
[EventType "tourn"]
[EventRounds "13"]
[EventCountry "MEX"]
[SourceTitle "EXT 2000"]
[Source "ChessBase"]
[SourceDate "1999.11.16"]
[SourceVersion "1"]
[SourceVersionDate "1999.11.16"]
[SourceQuality "1"]

1. e4 g6 2. d4 d6 3. Nc3 Bg7 4. Be3 Nf6 5. f3 a6 6. Qd2 Nbd7 7. 0-0-0 b5 8. h4 Bb7 9. a3 Nb6 10. g4 Qd7 11. h5 0-0-0 12. h6 Bf8 13. d5 c5 14. dxc6 Qxc6 15. g5 Nfd7 16. Nd5 Kb8 17. Nxb6 Nxb6 18. Qd4 Rc8 19. Rd2 Qc5 20. Qxh8 Qxe3 21. Qd4 Qxd4 22. Rxd4 e5 23. Rd3 Be7 24. Nh3 Rd8 25. Bg2 Bc8 26. Rg1 Bxh3 27. Bxh3 Kb7 28. c3 Nc4 29. Kc2 Kc6 30. Bf1 f6 31. b3 Nxa3+ 32. Kb2 b4 33. gxf6 Bxf6 34. c4 Bh4 35. Rg2 a5 36. Rd5 Be1 37. Rxa5 Bc3+ 38. Kc1 Rf8 39. Be2 Kb6 40. Rd5 Kc6 41. Rg4 Rf6 42. Ra5 Kb6 43. Ra8 g5 44. Rxg5 Rxh6 45. Rag8 Kc5 46. f4 Kd4 47. fxe5 dxe5 48. Rh5 Ra6 49. Rh3 Kxe4 50. Rg4+ 1-0

[Event "Fide Mercenarios 40th"]
[Site "Mexico City"]
[Date "1999.??.??"]
[Round "3"]
[White "Rosas Reyes, Raul"]
[Black "Villanueva Garciacano, Manuel"]
[Result "1-0"]
[WhiteElo "2150"]
[BlackElo "2000"]
[PlyCount "47"]
[EventDate "1999.??.??"]
[EventType "tourn"]
[EventRounds "13"]
[EventCountry "MEX"]
[SourceTitle "EXT 2000"]
[Source "ChessBase"]
[SourceDate "1999.11.16"]
[SourceVersion "1"]
[SourceVersionDate "1999.11.16"]
[SourceQuality "1"]

1. e4 c5 2. Nf3 d6 3. d4 cxd4 4. Nxd4 Nf6 5. Nc3 Nc6 6. Bg5 e6 7. Qd2 Qb6 8. Bxf6 gxf6 9. 0-0-0 Nxd4 10. Qxd4 Qxd4 11. Rxd4 a6 12. Bc4 b5 13. Be2 Rg8 14. g3 Rg5 15. f4 Rc5 16. Rhd1 Bb7 17. Kb1 Rac8 18. a3 d5 19. exd5 Bxd5 20. Nxd5 exd5 21. Rxd5 Rxc2 22. Bg4 R8c7 23. Rd8+ Ke7 24. R1d7+ 1-0

[Event "Fide Mercenarios 5th"]
[Site "Mexico City"]
[Date "1995.??.??"]
[Round "5"]
[White "Rosas Reyes, Raul"]
[Black "Araiza Munoz, Jose Joaquin1111"]
[Result "0-1"]
[WhiteElo "2000"]
[BlackElo "2210"]
[PlyCount "52"]
[EventDate "1995.??.??"]
[EventType "tourn"]
[EventRounds "11"]
[EventCountry "MEX"]
[SourceTitle "EXT 2000"]
[Source "ChessBase"]
[SourceDate "1999.11.16"]
[SourceVersion "1"]
[SourceVersionDate "1999.11.16"]
[SourceQuality "1"]

1. e4 c5 2. Nf3 Nc6 3. d4 cxd4 4. Nxd4 e5 5. Nb3 Nf6 6. Bg5 Bb4+ 7. c3 Be7 8. Bxf6 Bxf6 9. g3 d6 10. Bg2 Be6 11. Na3 a6 12. Nc2 Bg5 13. 0-0 0-0 14. Re1 g6 15. Ne3 Ne7 16. g4 Qd7 17. Bf3 Kh8 18. Nd5 Bxd5 19. exd5 f5 20. Qe2 e4 21. Bg2 Nxd5 22. Rad1 Nf4 23. Qf1 Rad8 24. Bh1 d5 25. Re3 fxg4 26. Rxe4 Nh3+ 0-1

[Event "Fide Mercenarios 5th"]
[Site "Mexico City"]
[Date "1995.??.??"]
[Round "3"]
[White "Rosas Reyes, Raul"]
[Black "Guevara, Mario"]
[Result "0-1"]
[WhiteElo "2000"]
[BlackElo "2260"]
[PlyCount "68"]
[EventDate "1995.??.??"]
[EventType "tourn"]
[EventRounds "11"]
[EventCountry "MEX"]
[SourceTitle "EXT 2000"]
[Source "ChessBase"]
[SourceDate "1999.11.16"]
[SourceVersion "1"]
[SourceVersionDate "1999.11.16"]
[SourceQuality "1"]

1. e4 c5 2. Nf3 e6 3. d4 cxd4 4. Nxd4 a6 5. a4 Nf6 6. Nc3 Bb4 7. Qf3 Qc7 8. Bd2 0-0 9. Bd3 Nc6 10. Nxc6 bxc6 11. 0-0 Bd6 12. h3 Rb8 13. a5 Be5 14. Na4 d5 15. Rfe1 dxe4 16. Bxe4 Nxe4 17. Qxe4 Bh2+ 18. Kh1 c5 19. Bc3 Bd6 20. Nb6 Bb7 21. Qg4 f5 22. Qc4 Qc6 23. Qxe6+ Kh8 24. f3 Bg3 25. Qxc6 Bxc6 26. Re7 Rg8 27. Nd7 Rb7 28. Rd1 Bf2 29. Rd6 Bb5 30. Be5 Bd4 31. Bxd4 cxd4 32. c4 dxc3 33. bxc3 h6 34. c4 Bxc4 0-1

[Event "Fide Mercenarios 5th"]
[Site "Mexico City"]
[Date "1995.??.??"]
[Round "2"]
[White "Vaca Kram, Luis"]
[Black "Rosas Reyes, Raul"]
[Result "1/2-1/2"]
[WhiteElo "2015"]
[BlackElo "2000"]
[PlyCount "83"]
[EventDate "1995.??.??"]
[EventType "tourn"]
[EventRounds "11"]
[EventCountry "MEX"]
[SourceTitle "EXT 2000"]
[Source "ChessBase"]
[SourceDate "1999.11.16"]
[SourceVersion "1"]
[SourceVersionDate "1999.11.16"]
[SourceQuality "1"]

1. Nf3 d5 2. g3 c5 3. Bg2 Nc6 4. 0-0 Nf6 5. d3 e6 6. Nbd2 Be7 7. e4 Qc7 8. Re1 d4 9. a4 e5 10. Nc4 Bg4 11. h3 Bxf3 12. Qxf3 0-0 13. Qe2 Nd7 14. f4 Bf6 15. Rf1 Na5 16. Nd2 a6 17. f5 Rac8 18. b3 b5 19. axb5 axb5 20. Nf3 c4 21. bxc4 bxc4 22. Ba3 Rfe8 23. g4 cxd3 24. cxd3 Qc2 25. Qxc2 Rxc2 26. g5 Bd8 27. Rfc1 Rxc1+ 28. Rxc1 f6 29. h4 Kf7 30. Bh3 Be7 31. g6+ Kf8 32. gxh7 Kf7 33. Bg4 Bxa3 34. Bh5+ g6 35. Bxg6+ Kg7 36. Bxe8 Bxc1 37. Bxd7 Kxh7 38. Be6 Nc6 39. Kf1 Nb4 40. Bc4 Nc2 41. Ke2 Ne3 42. Bb5 1/2-1/2